[Event "GER CM05-D email"]
[Site "GER email"]
[Date "2018.06.19"]
[Round "?"]
[White "Galytskyi, Volodymyr"]
[Black "Hanel, Roland"]
[Result "1-0"]
[WhiteElo "2359"]
[BlackElo "2348"]
[PlyCount "111"]
[EventDate "2018.??.??"]
[EventType "tourn (corr)"]
[EventRounds "10"]
[EventCountry "GER"]
[SourceTitle "Corr 2020"]
[Source "ChessBase"]
[SourceDate "2019.09.30"]
[SourceVersion "1"]
[SourceVersionDate "2019.09.30"]
[SourceQuality "1"]

1. d4 f5 2. Bg5 h6 3. Bh4 g5 4. e3 Bg7 5. Bg3 c5 6. c3 Qb6 7. Nf3 Nf6 8. Na3 d6 9. Nc4 Qc7 10. Bd3 0-0 11. 0-0 Ne4 12. Ncd2 Nxg3 13. hxg3 e5 14. Bc4+ Kh7 15. dxc5 dxc5 16. e4 f4 17. Re1 Nc6 18. Qe2 Bd7 19. gxf4 exf4 20. e5 Bf5 21. Rad1 Kh8 22. e6 Bg4 23. Nf1 Bxf3 24. gxf3 Rae8 25. Rd5 Qe7 26. Nd2 Rd8 27. Qe4 Bf6 28. Qg6 Qg7 29. Qh5 Kh7 30. Rd7 Rxd7 31. exd7 Ne5 32. Be6 Nxd7 33. Bf5+ Kg8 34. Ne4 Ne5 35. Nxc5 g4 36. fxg4 Qg5 37. Qh3 Qh4 38. Qxh4 Nf3+ 39. Kh1 Bxh4 40. Re6 Rf6 41. Kg2 Nd2 42. Rxf6 Bxf6 43. Nxb7 f3+ 44. Kh3 Kf8 45. Na5 Ke8 46. Nc6 Nc4 47. b3 Nd6 48. c4 Bc3 49. Kg3 a5 50. Kxf3 h5 51. Ke3 h4 52. Be6 h3 53. Bd5 Nc8 54. Kf3 Ne7 55. Nxe7 Kxe7 56. Kg3 1-0

[Event "GER CM05-D email"]
[Site "GER email"]
[Date "2018.06.19"]
[Round "?"]
[White "Galytskyi, Volodymyr"]
[Black "Krauss, Heiko"]
[Result "1-0"]
[WhiteElo "2359"]
[BlackElo "2358"]
[PlyCount "137"]
[EventDate "2018.??.??"]
[EventType "tourn (corr)"]
[EventRounds "10"]
[EventCountry "GER"]
[SourceTitle "Corr 2022"]
[Source "ChessBase"]
[SourceDate "2021.10.24"]
[SourceVersion "1"]
[SourceVersionDate "2021.10.24"]
[SourceQuality "1"]

1. e4 c5 2. Nf3 Nc6 3. d4 cxd4 4. Nxd4 Nf6 5. Nc3 e5 6. Ndb5 d6 7. Bg5 a6 8. Na3 b5 9. Bxf6 gxf6 10. Nd5 f5 11. c3 Bg7 12. exf5 Bxf5 13. Nc2 Be6 14. g3 0-0 15. Bg2 a5 16. 0-0 f5 17. a3 Kh8 18. Qh5 Rb8 19. Nce3 Bf7 20. Qh3 Be6 21. Qh5 Bf7 22. Qe2 Qd7 23. Kh1 b4 24. axb4 axb4 25. Ra6 bxc3 26. bxc3 Bg6 27. Rfa1 Ne7 28. Ra7 Rb7 29. Ra8 Nxd5 30. Rxf8+ Bxf8 31. Bxd5 Rb8 32. c4 Bg7 33. Ra2 Qe7 34. Ng2 Rb1+ 35. Ne1 Bf6 36. Kg2 Bf7 37. Nc2 Bxd5+ 38. cxd5 Rb8 39. Ne3 f4 40. Nf5 Qd7 41. Qd3 fxg3 42. hxg3 Be7 43. Qe4 Rf8 44. g4 Rg8 45. f3 Bf8 46. Ng3 Qb7 47. Rc2 Be7 48. Kh3 Bf8 49. Rc6 Rg7 50. Kg2 Rf7 51. Nf5 Rf6 52. Qc2 Qf7 53. Rc7 Qg8 54. Ng3 h6 55. Ra7 Rf7 56. Ra8 Qh7 57. Qe4 Qxe4 58. fxe4 Kg7 59. Nf5+ Kf6 60. Kg3 Kg5 61. Rd8 h5 62. gxh5 Kxh5 63. Rb8 Kg5 64. Kf3 Rf6 65. Rb7 Rg6 66. Rf7 Rf6 67. Rxf6 Kxf6 68. Kg4 Kg6 69. Kh4 1-0

[Event "GER CM05-D email"]
[Site "GER email"]
[Date "2018.06.19"]
[Round "?"]
[White "Galytskyi, Volodymyr"]
[Black "Ristea, Tudor"]
[Result "1/2-1/2"]
[WhiteElo "2359"]
[BlackElo "2373"]
[PlyCount "89"]
[EventDate "2018.??.??"]
[EventType "tourn (corr)"]
[EventRounds "10"]
[EventCountry "GER"]
[SourceTitle "Corr 2020"]
[Source "ChessBase"]
[SourceDate "2019.09.30"]
[SourceVersion "1"]
[SourceVersionDate "2019.09.30"]
[SourceQuality "1"]

1. e4 c5 2. Nf3 d6 3. d4 cxd4 4. Nxd4 Nf6 5. Nc3 a6 6. Be3 e5 7. Nb3 Be6 8. f3 Be7 9. Qd2 0-0 10. 0-0-0 Nbd7 11. g4 b5 12. a3 Qc7 13. Kb1 Rfb8 14. g5 Nh5 15. Nc1 Bf8 16. N1a2 Qc8 17. b3 Nc5 18. Qe1 g6 19. h4 Bd7 20. Nd5 a5 21. Bd2 Bc6 22. Bxa5 Bxd5 23. Rxd5 Nf4 24. Rd1 Qe6 25. Nc1 d5 26. exd5 Nxd5 27. h5 gxh5 28. Bh3 Qc6 29. Qxe5 Rxa5 30. Bf5 Re8 31. Qxd5 Qxd5 32. Rxd5 Rxa3 33. Kb2 b4 34. c3 Ra5 35. c4 Re3 36. Rxh5 Bg7+ 37. Kc2 Kf8 38. f4 Nxb3 39. Nxb3 Ra2+ 40. Kb1 Rb2+ 41. Kc1 Re1+ 42. Rd1 Rxd1+ 43. Kxd1 Rxb3 44. Bxh7 Rc3 45. g6 1/2-1/2